Angličtina ako lingua franca Európy
Pojem lingua franca. Postavenie angličtiny ako lingua franca v Európe je možné vysvetliť iba v kontexte jej globálneho významu. Tento jazyk sa rozšíril na všetky kontinenty vďaka mocenskému, ekonomickému a politickému vplyvu Veľkej Británie a neskôr aj ostatných anglicky hovoriacich krajín, najmä US...
Enregistré dans:
| Auteur principal: | |
|---|---|
| Format: | Chapitre de livre |
| Langue: | slovaque |
| Sujets: | |
| Tags: |
Pas de tags, Soyez le premier à ajouter un tag!
|
MARC
| LEADER | 00000nla$a2200000$$$4500 | ||
|---|---|---|---|
| 001 | 0113421 | ||
| 005 | 20240502072248.3 | ||
| 041 | 0 | |a slo | |
| 044 | |a SK | ||
| 245 | 1 | 0 | |a Angličtina ako lingua franca Európy |c Tatiana Hrivíková |
| 520 | |a Pojem lingua franca. Postavenie angličtiny ako lingua franca v Európe je možné vysvetliť iba v kontexte jej globálneho významu. Tento jazyk sa rozšíril na všetky kontinenty vďaka mocenskému, ekonomickému a politickému vplyvu Veľkej Británie a neskôr aj ostatných anglicky hovoriacich krajín, najmä USA. No aby si udržala svoje pozície aj po zániku koloniálnych ríš, boli potrebné ďalšie významné spoločensko-kultúrne faktory. Dôležitou otázkou budúceho vývoja európskej angličtiny je potenciálna existencia osobitého európskeho variantu a vzájomného vplyvu rôznych variantov na angličtinu ako svetový jazyk. | ||
| 610 | 2 | 0 | |a komunikácia multikultúrna |
| 610 | 2 | 0 | |a jazyky cudzie |
| 610 | 2 | 0 | |a angličtina |
| 100 | 1 | |a Hrivíková, Tatiana, 1959- | |